HB. ON CLINICAL APPROACH TO RESPIRATORY MEDICINE (Record no. 30564)

MARC details
000 -LEADER
fixed length control field 00433nam a22001697a 4500
003 - CONTROL NUMBER IDENTIFIER
control field SGT
020 ## - INTERNATIONAL STANDARD BOOK NUMBER
International Standard Book Number 9789390595730
082 ## - DEWEY DECIMAL CLASSIFICATION NUMBER
Classification number 616.2
Item number H24M
100 ## - MAIN ENTRY--PERSONAL NAME
Personal name MENON, K. SURENDRA
245 ## - TITLE STATEMENT
Title HB. ON CLINICAL APPROACH TO RESPIRATORY MEDICINE
250 ## - EDITION STATEMENT
Edition statement 2ND
260 ## - PUBLICATION, DISTRIBUTION, ETC. (IMPRINT)
Place of publication, distribution, etc INDIA
Name of publisher, distributor, etc JAYPEE PUB
Year of Publication 2024
300 ## - PAGE DESCRIPTION
No. of Pages 156
650 ## - SUBJECT ADDED ENTRY--TOPICAL TERM
Topical term or geographic name as entry element PULMONARY MEDICINE
653 ## - KEYWORDS--INDEX TERM
Keyword term CLINICAL APPROACH TO RESPIRATORY MEDICINE
942 ## - ADDED ENTRY ELEMENTS (KOHA)
Source of classification or shelving scheme Dewey Decimal Classification
Koha item type Books
Holdings
Withdrawn status Lost status Source of classification or shelving scheme Damaged status Not for loan Collection code Home library Current library Shelving location Date acquired Vendor Name Cost, normal purchase price SGTU Bill Number Full call number Accession No. (Barcode) Date last seen Bill Date Koha item type Total Checkouts
    Dewey Decimal Classification   Not For Loan MEDICAL SGT Medical Library SGT Medical Library Reference Book 11/02/2025 ABC DELHI 1725.00 SGTU 20461 616.2 H24M FM14713 01/04/2025 11/02/2025 Books  
    Dewey Decimal Classification     MEDICAL SGT Medical Library SGT Medical Library Text Book 11/02/2025 ABC DELHI 1725.00 SGTU 20461 616.2 H24M FM14714 01/04/2025 11/02/2025 Books  
    Dewey Decimal Classification     MEDICAL SGT Medical Library SGT Medical Library Text Book 11/02/2025 ABC DELHI 1725.00 SGTU 20461 616.2 H24M FM14715 01/04/2025 11/02/2025 Books  
    Dewey Decimal Classification     MEDICAL SGT Medical Library SGT Medical Library Text Book 11/02/2025 ABC DELHI 1725.00 SGTU 20461 616.2 H24M FM14716 01/04/2025 11/02/2025 Books  
    Dewey Decimal Classification     MEDICAL SGT Medical Library SGT Medical Library Text Book 11/02/2025 ABC DELHI 1725.00 SGTU 20461 616.2 H24M FM14717 01/04/2025 11/02/2025 Books